000 00488nab a2200145Ia 4500
003 ES-SlBCS
005 20210601134322.0
008 140529s1983-1984xu||||| |||| 00| 0 spa d
041 _aspa
100 1 _aEspada Ramos, María Luisa
_9216729
245 0 0 _aPragmatismo y política en Derecho internacional
_c María Luisa Espada Ramos
650 0 4 _aDerecho Internacional
_92197
773 0 _tAnales de la Catedra Francisco Suarez
_gnº. 23-24, 1983-1984, págs. 81-118
_wRev1020
942 _cAR
999 _c610885
_d610885